ARCHIVES OF SURGERY (Record no. 1141687)

MARC details
000 -LEADER
fixed length control field 00310nam a2200133Ia 4500
008 - FIXED-LENGTH DATA ELEMENTS--GENERAL INFORMATION
fixed length control field 240112s1969 JAN-JUNE xx 000 0 und d
041 ## - LANGUAGE CODE
Language code of text/sound track or separate title eng
082 ## - DEWEY DECIMAL CLASSIFICATION NUMBER
Classification number 617.05
100 ## - MAIN ENTRY--PERSONAL NAME
Personal name MARTIN L.W.
245 ## - TITLE STATEMENT
Title ARCHIVES OF SURGERY
260 ## - PUBLICATION, DISTRIBUTION, ETC.
Name of publisher, distributor, etc. A.M.A
Date of publication, distribution, etc. 1969 JAN-JUNE
300 ## - PHYSICAL DESCRIPTION
Extent 826,HB
Dimensions 1
440 ## - SERIES STATEMENT/ADDED ENTRY--TITLE
Volume/sequential designation 98
Holdings
Withdrawn status Lost status Damaged status Not for loan Collection Home library Current library Date acquired Source of acquisition Total Checkouts Full call number Barcode Date last seen Price effective from Koha item type
          Medical College & Hospital, Sangli Medical College & Hospital, Sangli 16/01/2024 RESEACRCH CO.   617.05 MCS-BV-909 16/01/2024 16/01/2024 Bound Journals